Same First Letter: Country & Continent Quiz Stats

 Plays Quiz Updated Apr 25, 2015

Score 0/8 Timer 01:00
2 Plays Today
Continent Country % Correct
EuropeEstonia
86.3%
AfricaAngola
79.4%
North AmericaNicaragua
78.7%
South AmericaSuriname
76.8%
AfricaAlgeria
76.6%
AsiaAzerbaijan
70.1%
AsiaAfghanistan
66.8%
AsiaArmenia
62.7%

You're not logged in!

Compare scores with friends on all Sporcle quizzes.
OR
Log In

Sporcle TV

Today on Sporcle TV


Watch our educational content, quiz creation guides, and fun videos on Sporcle TV.

Show Comments

Extras

Top Quizzes Today


Score Distribution

Your Account Isn't Verified!

In order to create a playlist on Sporcle, you need to verify the email address you used during registration. Go to your Sporcle Settings to finish the process.

Report this User

Report this user for behavior that violates our Community Guidelines.

Details: